| 000 | 00877nam a22002297a 4500 | ||
|---|---|---|---|
| 003 | BD-DhUL | ||
| 005 | 20180418113913.0 | ||
| 008 | 180418s2018 bg a|||| |||| 000 0 ben | ||
| 020 | _a9789849326922 | ||
| 040 |
_aBD-DhUL _cBD-DhUL |
||
| 082 |
_a891.443 _bNOR |
||
| 100 | 1 | _aনবীন, সাইফুল্লাহ। | |
| 245 | 0 | 0 |
_aরক্তাক্ত একাত্তর / _cসাইফুল্লাহ নবীন। |
| 260 |
_aঢাকা : _bশব্দশিল্প, _c২০১৮। |
||
| 300 |
_a৮০ পৃ. : _bচিত্র ; _c২২ সেমি. |
||
| 365 |
_aBDT _b160 |
||
| 650 | 0 | _aবাংলা উপন্যাস। | |
| 650 | 0 | _aBengali fiction. | |
| 651 | 0 | _aবাংলাদেশ - ইতিহাস - মুক্তিযুদ্ধ। | |
| 651 | 0 | _aBangladesh - History - Muktijuddho. | |
| 942 |
_2ddc _cBK |
||
| 999 |
_c240517 _d240517 |
||